00966nab a2200253uuc4500001000800000005001700008008004100025035001200066040001300078041000800091100007000099245008800169260001000257650003200267650005000299650003200349650004100381650003600422700004700458700004500505773013300550942001000683999001900693134667020240904093325.0131011e20130613 spa  a1346670 ccomduadb aspa10aRoncallo-Dow, Sergio4aut0(viaf)8151533712702771939eaut965738813aLa investigación en comunicación : los límites y limitantes del conocimiento c2013. 7aComunicación2embne91550 7aComunicaciónxInvestigaciones2lemb9100677 7aCienciometria2embne923716 aComunicacion - Epistemologia9169986 7aRevistas científicas292481110aUribe Jongbloed, Enrique4auteaut945822910aCalderon Reyes, Isabel4auteaut96677950 tCo-herencia : Revista de Humanidades (Medellín)gVolumen 10, Número 18, Enero-Junio 2013, 161-187w911085x1794-58870338993 cARIMP c670801d670801